000 00818nam a22002417a 4500
001 3728
003 FISKH
005 20240425094408.0
008 240425b cb ||||| |||| 00| 0 eng d
040 _aFISK
_beng
_cFISK
_dFISK
050 _aPZ7.M3567585
082 _a813.54
100 _aM. Martin Ann
_d1955-
245 _aEverything for a dog /
_cAnn M. Martin
260 _aNew York :
_bScholastic,
_c2010
300 _a211 pages :
_c20 cm
505 _aO
520 _aIn parallel stories, Bone, an orphaned dog, finds and loses a series of homes, Molly, a family pet, helps Charlie through the grief and other after-effects of his brother's death, and lonely Henry pleads for a dog of his own.
521 8 _a890
_bLexiles
700 _aAnn M. Martin
942 _2lcc
_cBK
_n0
999 _c3728
_d3728